000 00577nam a22001937a 4500
003 0
005 20241118124701.0
008 241118b xxu||||| |||| 00| 0 eng d
020 _a9781647285937
050 _aQA 36
_b.C66 2024
100 _aConley, Kacey,
_eauthor.
245 _aMathematics :
_bthe basics /
_cKacey Conley.
260 _aForest Hills, NY :
_bWillford Press,
_cc2024.
300 _aviii, 230 p. :
_bcol. ill. ;
_c26 cm.
440 _aKnowledge series.
504 _aIncludes bibliographical references and index.
650 _aMathematics.
942 _2lcc
_cBK
999 _c366744
_d366744